000 00691nam a2200205Ia 4500
005 20241129105811.0
008 241129s9999||||xx |||||||||||||| ||und||
037 _aTB
040 _aARTS
_bpun
_cARTS
041 _apun
_2pun
084 _aR3xM95 153R2
_qARTS
100 _aਜੇ, ਕ੍ਰਸ਼ਿਨਾਮੂਰਤੀ, ਚ
_9726405
245 0 _aਸਿੱਖਿਆ ਸੰਵਾਦ
_cਜੇ, ਕ੍ਰਸ਼ਿਨਾਮੂਰਤੀ, ਚ
260 _aਪਟਿਆਲਾ, ਭਾਰਤ
_bਪਟਿਆਲਾ ਆੱਟਮ ਆਰਟ
_c2022
300 _a174ਪ੍ਰ0
365 _aINR
_b225
650 _aPhilosophy
942 _cTB
_hR3xM95 153R2
999 _c1226000
_d1226000